Daun- daun merimbun bumi

Bibliographic Details
Main Author: Ahadiat akashah
Format: Book
Published: Kuala Lumpur : Ghostwriter , 2002
Subjects:

MARC

LEADER 00000cam a2200000 7i4500
001 0000009572
005 20040215.0
008 030702s2002
020 |a 9839216805 
090 0 0 |a F DAU 
100 0 |a Ahadiat akashah 
245 1 0 |a Daun- daun merimbun bumi   |c Susunan Ahadiat Akashah 
260 |a Kuala Lumpur :   |b Ghostwriter ,   |c 2002 
300 |a 130p ;   |c 17cm. 
650 0 0 |a Youth fiction 
999 |a 185930   |b Buku   |c Rak Terbuka   |e Perbadanan Perpustakaan Awam Melaka